• 首页
  • 本馆介绍
  • 公告通知
  • 最新文献
  • 馆藏检索
  • 电子资源
  • 读者导购
  • 参考咨询
  • 我的图书馆
  • 登录
  • 详细信息显示
  • 放入我的书架
  • 预约/预借图书
  • 作者相关作品
  • 分类相关作品
  • 丛书相关作品
  • 出版社相关作品

书目信息

  • 表格格式
  • 工作单格式
  • 卡片格式
题名:
我们坚持什么?
    
 
作者: 李洪林 著
分册:  
出版信息: 北京   群众出版社  1981.2
页数: 87页
开本: 20cm
丛书名:
单 册:
中图分类: D04
科图分类:
主题词: 社会主义革命--理论 , 无产阶级专政--理论 , 社会主义革命--关系--无产阶级专政
电子资源:
ISBN:
000 00578nam0 2200217 45
001 0309171017
005 20060522143919.56
010    @dCNY0.21
091    @a3067.119
100    @a20030917d1981 km y0chiy0120 ea
101 0  @achi
200 1  @a我们坚持什么?@AWo Men Jian Chi Shi Mo?@f李洪林著@FLi Hong Lin Zhu
210    @a北京@c群众出版社@d1981.2
215    @a87页@d20cm
606 0  @a社会主义革命@x理论
606 0  @a无产阶级专政@x理论
606 0  @a社会主义革命@x关系@x无产阶级专政
690    @aD04@v3
701  0 @a李洪林@4著
801    @aCN@bTSTC@c20060522
905    @dD04@e5
    
    我们坚持什么?/李洪林著.-北京:群众出版社,1981.2
    87页;20cm
    
    
    ISBN :CNY0.21
    
●
相关链接 在E读中查询图书 在五车中查询图书 在当当中查询图书 在豆瓣中查询图书


正题名:我们坚持什么?     索取号:D04/5         预约/预借

序号 登录号 条形码 馆藏地/架位号 状态 备注
1 0049877   001020175   第一借阅区/ [索取号:D04/5] 在馆    
2 0049878   000383819   第一样本阅览室/ [索取号:D04/5] 在馆    
3 0049879   202363307   密集书库/ [索取号:D04/5] 在馆    
4 0049880   001837980   密集书库/ [索取号:D04/5] 在馆    
5 0074496   001020184   密集书库/ [索取号:D04/5] 在馆    
6 0074497   001838024   密集书库/ [索取号:D04/5] 在馆    
唐山师范学院图书馆 欢迎您!
大连网信软件有限公司© 版权所有